000 00556cam a2200229ua 4500
020 _cRs 150.00
041 _aeng
_h
082 _a532
_bMOD/HY
100 _aModi, P N.
245 _aHydraulics and fluid mechanics /
_cP N Modi.
_hTextual Documents
250 _a10 /
_b.
260 _aThrissur :
_bStandard Book House ,
_c1991.
300 _a1350 ; .
365 _aRs 150.00
504 _a
650 _aFluid mechanics
700 1 _aSeth, S M.
942 _cBK
999 _c201
_d201